[Event "Karl Mala Memorial op 13th"]
[Site "Frankfurt"]
[Date "2010.07.17"]
[Round "3"]
[White "Breitbach, Stephan"]
[Black "Ploetz, Hans Juergen"]
[Result "1/2-1/2"]
[WhiteElo "1478"]
[BlackElo "1627"]
[PlyCount "49"]
[EventDate "2010.07.08"]
[EventType "swiss"]
[EventRounds "7"]
[EventCountry "GER"]
[SourceTitle "EXT 2012"]
[Source "ChessBase"]
[SourceDate "2011.11.24"]
[SourceVersion "1"]
[SourceVersionDate "2011.11.24"]
[SourceQuality "1"]

1. c4 Nf6 2. Nc3 d6 3. g3 e5 4. Bg2 Be7 5. e3 c6 6. d4 Nbd7 7. Nge2 Qc7 8. b3 0-0 9. Ba3 Re8 10. 0-0 Bf8 11. Qc2 Nb6 12. dxe5 Rxe5 13. Bb2 Re8 14. Ne4 Nxe4 15. Bxe4 h6 16. Nd4 Bh3 17. Rfd1 Qe7 18. Bh7+ Kh8 19. Bf5 Bxf5 20. Qxf5 d5 21. Qf4 Qg5 22. Qxf7 dxc4 23. Ne6 Qe7 24. Qxe7 Rxe7 25. Nf4 1/2-1/2

[Event "Karl Mala Memorial op 13th"]
[Site "Frankfurt"]
[Date "2010.07.11"]
[Round "6"]
[White "Barisch, Florian"]
[Black "Ploetz, Hans Juergen"]
[Result "1-0"]
[WhiteElo "1932"]
[BlackElo "1627"]
[PlyCount "37"]
[EventDate "2010.07.08"]
[EventType "swiss"]
[EventRounds "7"]
[EventCountry "GER"]
[SourceTitle "EXT 2012"]
[Source "ChessBase"]
[SourceDate "2011.11.24"]
[SourceVersion "1"]
[SourceVersionDate "2011.11.24"]
[SourceQuality "1"]

1. d4 Nf6 2. Bf4 d6 3. Nf3 Nbd7 4. e3 c6 5. Bc4 Qa5+ 6. c3 e5 7. Bg3 e4 8. Nfd2 d5 9. Be2 Be7 10. 0-0 0-0 11. Nb3 Qd8 12. c4 b6 13. cxd5 cxd5 14. Nc3 Bb7 15. Nb5 Nb8 16. Nc7 Na6 17. Nxa6 Bxa6 18. Bxa6 Nd7 19. Bb7 1-0